000 01678nam a22002537a 4500
999 _c58478
_d58478
003 Ge_BSU
005 20221020120906.0
008 220325s2019 ge ||||| |||| 00| 0 geo d
020 _a1987-9288
041 _ageo
080 _a001(479.22)(058) წ-35
245 _aწელიწდეული : XI :
_bეძღვნება ქართველ საზოგადო მოღვაწეს, მწერალსა და მთარგმნელს ივანე მაჩაბელს /
_cქუთაისის ილია ჭავჭავაძის სახელობის საჯარო ბიბლიოთეკა ; სარედ. საბჭო იოსებ ასათიანი, ნომადი ბართაია ; პროექტის დირექტ. გრიგოლ ქობალიანი.
264 _aქუთაისი,
_c2018.
300 _a242 გვ.
_b24 სმ.
500 _aპარალ. სათ. ინგლ.
504 _aბიბლიოგრ. თავების ბოლოს
653 _aწელიწდეული
653 _aივანე მაჩაბელის მოღვაწეობა
700 _aასათიანი, იოსებ
_eრედაქტორი
_980
700 _aბართაია, ნომადი
_eრედაქტორი
_981
700 _aქობალიანი, გრიგოლ
_eპროექტის დირექტორი
_913620
856 _uhttps://dspace.nplg.gov.ge/bitstream/1234/329337/1/Weliwdeuli_XI.pdf
_yელ. ვერსია. pdf
942 _2udc
_cBK